Relie le club a sa devise/slogan - Statistiques

Statistiques générales
  • Ce quiz a été pris 43 fois
  • Le résultat moyen est 8 sur 19
Statistiques - réponses
Equipe % Correct
Paris Saint-Germain
100%
Olympique de Marseille
97%
Liverpool FC
95%
Real Madrid CF
87%
FC Barcelona
84%
Borussia Dortmund
76%
Inter Milan
74%
Juventus Turin
47%
AC Milan
34%
FC Bayern Munich
34%
Atlético Madrid
32%
Manchester United
32%
SL Benfica
13%
Arsenal FC
8%
FC Porto
5%
Manchester City
5%
AS Monaco
3%
Chelsea FC
3%
Ajax Amsterdam
0%
Aucun quiz correspondant
Distribution des résultats
% des personnes avec chaque résultat
Percentile par nombre de réponses
Votre historique - résultats
Vous n’avez pas pris ce quiz